000 00206 a2200097 4500
001 52710
100 _aGentry F E
245 _aModern Physics
260 _aNew York
_bJohn Wiley
_c
090 _c33154
_d33154
942 _aNUST-CAE
_cM
_c25730
999 _c287783
_d287783